01767nam a2200205Ia 4500003000900000005001700009008004100026040003100067040001300098100002000111245009200131245006900223260002100292300001900313490001300332520108700345942001201432999001701444952010001461IT-RoPAU20220918175450.0120407s9999 xx 000 0 und d aIT-RoPAUc20140729091704.0 cIT-RoPAU aAutori vari990 aLa spiritualità pastorale delle Suore di Gesù Buon Pastore. bUn dono per la Chiesa aLa spiritualità pastorale delle Suore di Gesù Buon Pastore.  aRomabSGBPc1994 c24 cma408 pp. v3° Vol. aIndice generale Presentazione (G. Alberghina, sgbp) Introduzione (M. Moretto, sgbp) Sezione prima A. La nostra spiritualità pastorale. Sintesi del Contributo degli esperti. Dossier I B. La nostra spiritualità pastoorale. Sintesi del Contributo delle Suore di Gesù di Buon Pastore. Dossier 2 Sezione seconda A. Gesù Buon Pastore Via, Verità, Vita. E. Bosetti, sgbp B. La spiritualità pastorale nella proposta di Don Giacomo Alberione alle Suore di Gesù Buon Pastore. Una guida alla lettura dei tesi. Dina Ranzato, sgbp C. Come il binomio "Gesù Buon Pastore - Via, Verità e Vita" e presente nelle costituzioni del 1947 e nella regola di vita del 1984. G. Alberghina, sgbp D. Gesù Buon Pastore Via, Verità e VIta nelle nostre preghiere. Maddalena Berni, sgbp E. Sintesi delle osservazioni e dei suggerimenti emersi nella fase illuminativa. Lavori di gruppo e dialogo assembleare F. Sintesi delle proposte al 5° Capitolo Generale. Lavori di gruppo e dialogo assembleare Sezione terza A. Simboli pastorali B. Progetto del 5° Capitolo Generale C. Bibliografia  cBK2ddc c13308d13308 00102ddc406P_E171aPAULUSbPAULUSd2012-04-11l0oP E1r2012-04-11 00:00:00w2012-04-11yBK